000
00237nam a2200097Ia 4500
008
240331s9999 xx 000 0 und d
082
_a
303.4
_b
SHA
100
_a
Shanmulingan,N
245
0
_a
Thol seer samuokaviyal sinthanaiyaalar
942
_c
L
999
_c
1228
_d
1228